000 00603nam a2200181 i 4500
001 167810
003 ES-MaACL
005 20230906213612.0
008 000217s1898 fr aop |||| | fre d
040 _aCAM
_bspa
_cCAM
100 1 _aVuillier, Gaston.
_9115776
245 1 3 _aLa danse /
_cGaston Vuillier.
260 _aParis :
_bHachette et Cie.,
_c1898 (
_fImp. Lahure)
300 _aVIII, 390 p. :
_bil. ;
_c32 cm.
650 4 _aDanza-
_vHistoria.
_9162926
852 _aES-MaACL
_jB-6524
_z. - Enc. pasta española
856 _uhttp://www.archive.org/details/ladansevuil00vuiluoft
_zIr a la página
999 _c167810
_d167810